Obchod s ES. Technické překážky

Proces transformácie a harmonizácie legislatívnych predpisov ČR. Odstraňovanie technických prekážok a vytvárania predpokladov pre fungovanie jednotného vnútorného trhu ES. Uplatňovanie Direktív a Európskych noriem. Dokument ES "Globálna koncepcia technických špecifikácií, skúšania, certifikátov". Úl...

Ausführliche Beschreibung

Gespeichert in:
Bibliographische Detailangaben
1. Verfasser: Veselý, P.
Format: Buchkapitel
Sprache:Tschechisch
Schlagworte:
Tags: Tag hinzufügen
Keine Tags, Fügen Sie das erste Tag hinzu!

MARC

LEADER 00000naa a2200000 4500
001 r000694
005 20221213082818.7
041 0 |a cze 
044 |a CZ 
245 1 0 |a Obchod s ES. Technické překážky  |c P. Veselý 
520 |a Proces transformácie a harmonizácie legislatívnych predpisov ČR. Odstraňovanie technických prekážok a vytvárania predpokladov pre fungovanie jednotného vnútorného trhu ES. Uplatňovanie Direktív a Európskych noriem. Dokument ES "Globálna koncepcia technických špecifikácií, skúšania, certifikátov". Úlohy nezávislej organizácie EOTC (Nezávislá organizácia pre certifikáciu a skúšanie). Uznávanie certifikátov ČR v medzinárodnom obchode. 
610 2 0 |a trh spoločný 
610 2 0 |a certifikácia 
610 2 0 |a EOTC 
610 2 0 |a Európske spoločenstvá 
610 2 0 |a obchod medzinárodný 
610 2 0 |a Česko 
100 1 |a Veselý, P.